Critical regionalism : the Pomona meeting : proceedings
Αποθηκεύτηκε σε:
| Άλλοι συγγραφείς: | |
|---|---|
| Μορφή: | Βιβλίο |
| Γλώσσα: | English |
| Δημοσίευση: |
Pomona :
College of Environmental Design,
1991.
|
| Θέματα: | |
| Ετικέτες: |
Προσθήκη ετικέτας
Δεν υπάρχουν, Καταχωρήστε ετικέτα πρώτοι!
|
MARC
| LEADER | 00000cam a2200000 i 4500 | ||
|---|---|---|---|
| 001 | 1/10246 | ||
| 008 | 970523s1991 eng d | ||
| 035 | |l 10017785 | ||
| 040 | |a GR-MY-UA |b gre |e aacr | ||
| 041 | 0 | |a eng | |
| 082 | 0 | |a 724.6 | |
| 245 | 1 | 0 | |a Critical regionalism : |b the Pomona meeting : proceedings / |c edited by Spyros Amourgis. |
| 260 | |a Pomona : |b College of Environmental Design, |c 1991. | ||
| 300 | |a xii, 336 σ. ; |c 23 εκ. | ||
| 504 | |a Περιλαμβάνει βιβλιογραφικές παραπομπές. | ||
| 650 | 0 | 0 | |a Architecture, Modern |y 20th century |x Congresses. |
| 650 | 0 | 0 | |a Regionalism in architecture |x Congresses. |
| 700 | 1 | |a Amourgis, Spyros, |e edt | |
| 852 | |a INST |b LESVOS |e 19970523 |h 724.6 CRI |p 005100006254 |q 005100006254 |t BK |y 0 | ||
| 909 | |a Λ |b 034301 | ||